000 004200000a22001690004500
003 MACL
005 20160101150748.0
008 160101b xxu||||| |||| 00| 0 eng d
040 _aMACL
_cMACL
041 _aEnglish
082 _a347/CHA
100 _aChakraverti, Suranjan
_926127
245 _aLaw of Wrongful Dismissals
260 _bLaw Book Co.
_c1969
_aIndore
650 _aLaw
_926504
942 _cBK
_k347.cha
_2ddc
999 _c35723
_d35723